| 000 | 00803cam a22002535a 4500 | ||
|---|---|---|---|
| 001 | 990242 | ||
| 005 | 20171011121547.0 | ||
| 008 | 861120s1987 ilu frb f001 0 eng d | ||
| 020 | _a0226777103 | ||
| 020 | _a9780226777108 | ||
| 040 |
_aDLC _cDLC _dDLC _dEG-ScBUE _beng |
||
| 082 | 0 | 4 |
_a320.01 _222 _bHIS |
| 245 | 0 | 0 |
_aHistory of political philosophy / _cedited by Leo Strauss and Joseph Cropsey. |
| 250 | _a3rd ed. | ||
| 260 |
_aChicago ; _aLondon : _bUniversity of Chicago Press, _c1987. |
||
| 300 |
_axiv, 966 p. ; _c24 cm. |
||
| 504 | _aIncludes bibliographies and index. | ||
| 650 | 7 |
_aPolitical science _xHistory. _2BUEsh _99516 |
|
| 653 |
_bBUSBOL _cOctober2017 |
||
| 655 |
_vText book _933728 |
||
| 700 | 1 |
_aStrauss, Leo, _eeditor. _911160 |
|
| 700 | 1 |
_aCropsey, Joseph, _eeditor. |
|
| 942 | _2ddc | ||
| 999 |
_c25474 _d25446 |
||